| 000 | 03167nam a2200277Ia 4500 | ||
|---|---|---|---|
| 003 | Ost | ||
| 005 | 20260507074935.0 | ||
| 008 | 260507s9999||||xx |||||||||||||| ||und|| | ||
| 020 | _a97847181199579 | ||
| 040 | _cfsecg | ||
| 041 | _aara | ||
| 082 | _a332.1 | ||
| 100 |
_aالشمري، ناظم محمد نوري _eمؤلف |
||
| 245 | 0 |
_aالصيرفة الالكترونية : _bالادوات والتطبيقات ومعيقات التوسع / _c ناظم محمد نوري الشمري |
|
| 250 | _aطبعة 1 | ||
| 260 |
_aعمان: _bدار وائل للنشر, _c2008 |
||
| 300 |
_a267 صفحة؛ _bإيضاحات ؛ _c24 سم |
||
| 504 | _aبليوغرافيا ص. ملاحق | ||
| 520 | _aالفصل الأول : نشأة الصيرفة الالكترونية وتطورها : المبحث الأول : تكنولوجيا ونظم المعلومات، المفهوم والمكونات : مفهوم تكنولوجيا المعلومات : مكونات وميزات تكنولوجيا المعلومات : المبحث الثانى : تطبيقات الصيرفة الالكترونية عالميا : استخدام شبكة الانترنت : نظام الدفع الالكترونى : الصيرفة الالكترونية فى الدول المتقدمة-الفصل الثانى : أدوات الصيرفة الالكترونية : المبحث الأول : القنوات الالكترونية : بنك الانترنت : التعريف والخدمات التى يقدمها البنك : المبحث الثانى : البطاقات الالكترونية : بطاقات الفيزا : تعريف بطاقات الفيزا : المبحث الثالث : ادارة الصيرفة الالكترونية : مركز البطاقات الالكترونية-الفصل الثالث : اطراف الصيرفة الالكترونية : المبحث الأول : عملاء البنوك التجارية : اسباب عدم الحصول على البطاقة الالكترونية : القنوات التى يستخدمها العملاء وطرق التعرف عليها : المبحث الثانى : البنوك التجارية : معيقات التوسع فى الصيرفة الالكترونية بالنسبة للبنوك التجارية : المبحث الثالث : البنوك المركزية : البنك المركزي والصيرفة الالكترونية-الفصل الرابع : الصيرفة الالكترونية عربيا : المبحث الأول : هيكل الجهاز المصرفى الاردنى والصيرفة الالكترونية : التطور التاريخى للجهاز المصرفى فى الاردن : المبحث الثانى : البنك المركزي والصيرفة الالكترونية : اجراءات و تشريعات البنك المركزي تجاه العمل المصرفى الالكترونى | ||
| 653 | _aاقتصاد مالي | ||
| 653 | _aالبنوك--معالجة المعطيات إلكترونيا | ||
| 653 | _aعلوم مصرفية | ||
| 653 | _aمصارف | ||
| 700 |
_aالعبدالات، عبد الفتاح زهير _eمؤلف ثانوي |
||
| 942 | _cكتاب | ||
| 999 |
_c41878 _d41878 |
||